Intuition et abstraction

Saved in:
Bibliographic Details
Main Author: William of Ockham ca. 1285-ca. 1349
Other Authors: Piche, David (Author of introduction, etc., Translator)
Format: Book
Language:French
Latin
Published: Paris : Librairie Philosophique J. Vrin, 2005
Series:Translatio
Subjects:
Tags: Add Tag
No Tags, Be the first to tag this record!

MARC

LEADER 00000nam a2200000 i 4500
001 1/85184
008 080515s2005 fre d
020 |a 2-7116-1806-4 
035 |l 10097359 
040 |a GR-MY-UA  |b gre  |e aacr 
041 0 |a fre  |a lat 
082 0 |a 153  |2 (22) 
100 1 |a William  |c of Ockham  |d ca. 1285-ca. 1349. 
245 1 0 |a Intuition et abstraction /  |c Guillaume d'Ockham ; textes introduits, traduits et annotes par David Piche 
260 |a Paris :   |b Librairie Philosophique J. Vrin,   |c 2005 
300 |a 267 σ.;  |c 18 εκ. 
490 1 |a Translatio 
500 |a Λατινικό κείμενο με γαλλική μετάφραση σε αντικριστές σελίδες 
650 0 0 |a Knowledge, Theory of. 
650 0 0 |a Intuition. 
650 0 0 |a Abstraction. 
700 1 |a Piche, David.  |4 aui  |4 trl 
830 0 |a Translatio 
852 |a INST  |b RHODES  |e 20080515  |h 153 WIL  |p 005400029216  |q 005400029216  |t BK  |y 0 
901 |a BIBL4-2008-2 
909 |a Ρ  |b 152608 
922 |a 4ΕΛΗ  |b 200803  |c ΕΠΕΑΕΚ2/ΤΕΠΑΕΣ  |d ΕΛΕΥΘΕΡΟΥΔΑΚΗΣ 
970 |a ΧΑΡΙΟΠΟΛΙΤΟΥ  |b ΚΩΝΣΤΑΝΤΙΝΑ  |z 2008/05/15